| 000 | 00603nam a2200205Ia 4500 | ||
|---|---|---|---|
| 003 | GCL | ||
| 008 | 140319s9999 xx 000 0 ara d | ||
| 040 |
_aGCL / _cGCL |
||
| 082 | 0 | 4 |
_aق _b962.071 _bع ش |
| 100 | 1 | _aعبدالهادى ناصف | |
| 245 | 1 | 0 |
_aشاهد عصر: مصر من الثورة الى الثورة المضادة / _cعبدالهادى ناصف |
| 300 | _a155 ص | ||
| 490 |
_a100 قصة _v0 |
||
| 650 | 0 | 4 | _aمصر |
| 650 | 0 | 4 | _aاسرائيل |
| 650 | 0 | 4 | _aالتاريخ |
| 650 | 0 | 4 | _aثورة 23 يوليو 1952 |
| 650 | 0 | 4 | _aحرب اكتوبر 1973 |
| 942 |
_2ddc _cBK |
||
| 999 |
_c45584 _d45584 |
||